01420nab a22002177a 4500003000400000005001700004008004100021040000700062100002900069245012000098260007300218300001500291500007300306505049800379505008900877650002900966650002700995650002101022650002501043773013401068OSt20260130220347.0190603e xxum|||| |||| 00| 0 spa d cPJ aVan Thienen, P. Augusto 13aGarantía sobre propias acciones : b¿por qué no? (Despejando la "x" del art. 222 LGS) /cAugusto Van Thienen.  cCiudad Autónoma de Buenos Aires :aThomson Reuters La Ley, b2025. ap. 247-256 aCita: TR LALEY AR/DOC/2273/2025 Publicado en: RCCyC 2025 (Octubre). aSumario: I. Introducción.— II. Contexto actual de la prohibición.— III. Función de la prohibición y supletoriedad normativa.— IV. Repensando el art. 222 LGS.— V. Garantía sobre acciones propias: ¿por qué no?— VI. La garantía desde la perspectiva del conflicto de interés.— VII. La "prohibición" solo devenga responsabilidad.— VIII. Fideicomiso de garantía sobre acciones propias.— IX. La prenda de acciones en el Cód. Civ. y Com.— X. Mis conclusiones.  t¿Te interesa el texto completo? Solicitalo al correo: koha@justierradelfuego.gov.ar 0aCODIGO CIVIL Y COMERCIAL 0aSOCIEDADES COMERCIALES 0aSOCIEDAD ANONIMA 0aACCIONES SOCIETARIAS0 02713dCiudad Autónoma de Buenos Aires : Thomson Reuters La Ley, 2015-tRevista Código Civil y Comercial. Nº 5 - Octubre 2025